| 000 | 00952naa a22002777u 4500 | ||
|---|---|---|---|
| 001 | 05516 | ||
| 003 | HDC | ||
| 007 | cr bn ---aaaaa | ||
| 008 | 210120s xx a b 001 0 eng | ||
| 040 | _aHDC | ||
| 100 |
_aChaudhry, R., _eauthor _95765 |
||
| 245 | 0 |
_aHost-microbe Interactions in the Gut: A Microbiologist's Perspective / _cby R. Chaudhry, V.D. Bamola and P. Panigrahi |
|
| 260 |
_a[No Place] : _b[publisher not identified], _c[no year] |
||
| 300 | _a12 pages | ||
| 336 |
_atext _2rdacontent |
||
| 337 |
_acomputer _2rdamedia |
||
| 338 |
_aonline resource _2rdacarrier |
||
| 500 | _aOriginal from book | ||
| 650 |
_aFood industry _9536 |
||
| 650 |
_aFood _91783 |
||
| 650 |
_aProbiotic food _95755 |
||
| 856 | _zRequest full-text at [email protected] | ||
| 942 | _2lcc | ||
| 942 | _cCHAP | ||
| 942 | _kEBCH 002802 | ||
| 999 |
_c2840 _d2840 |
||